| 000 | 00335nam a22001337a 4500 | ||
|---|---|---|---|
| 020 | _qPB. | ||
| 040 | _cFIZZA ISHAQ | ||
| 082 |
_a005.82 _bRIC |
||
| 100 |
_aBOND, RICHARD. _955412 |
||
| 245 |
_aCRYPTOGRAPH FOR VISUAL BASIC / _cRICHARD BOND |
||
| 260 |
_aNEWYORK : _bJOHN WILEY & SONS, _c2001. |
||
| 300 | _a459 P. ; | ||
| 942 |
_2ddc _cBK |
||
| 999 |
_c566265 _d566265 |
||